000 03072cgm a2200661Ia 4500
003 data
005 20260322212020.0
007 data
008 data
020 _a0790795396
020 _a9780790795393
024 1 _a085393895129
028 4 2 _a38951
_bWarner Home Video
037 _bMidwest Tapes
_nhttp://www.midwesttapes.com
040 _aTEFMT
_cTEFMT
_dOH6
_dGK8
_dFTL
_dZEM
_dOCL
_dIUI
_dOCLCQ
_dOH6
041 1 _afre
_afre
_heng
_bfre
_bfre
044 _axxk
_axxk
082 0 4 _a791.43/72
_222
090 _aDVD 998
130 0 _aPhantom of the Opera (Motion picture : 2004)
245 1 4 _aThe Phantom of the Opera
_h[videorecording] /
_cJoel Schumacher ... [et al.].
246 3 _aAndrew Lloyd Webber's the Phantom of the Opera
250 _aWidescreen ed
260 _aBurbank, CA :
_bWarner Home Video,
_c[2005]
300 _a1 videodisc (141 min.) :
_bsd., col. ;
_c4 3/4 in
500 _aBased on the novel "Le Fantôme de l'Opéra by Gaston Leroux and the stage musical by Andrew Lloyd Webber
500 _aVideodisc release of the 2004 motion picture
500 _aSpecial features include: scene selection, theatrical trailer
508 _aDirector of photography, John Mathieson ; art directors, John Fenner, Paul Kirby ; editor, Terry Rawlings ; original music, Andrew Lloyd Webber ; costume designer, Alexandra Byrne ; production designer, Anthony Pratt ; visual effects supervisor, Nathan McGuinness ; special effects supervisor, Peter Hutchinson
511 1 _aGerard Butler, Emmy Rossum, Patrick Wilson, Miranda Richardson, Minnie Driver
520 _aTells the story of a disfigured musical genius who haunts the catacombs beneath the Paris Opera, waging a reign of terror over its occupants. When he falls fatally in love with Christine, the Phantom devotes himself to creating a new star for the Opera, exerting a strange sense of control over the young soprano as he nurtures her extraordinary talents
521 8 _aMPAA Rating: PG-13 (brief violent images)
538 _aDVD; Dolby Digital 5.1 surround
546 _aIn English or dubbed French with optional English, French or Spanish subtitles; closed-captioned
610 2 0 _aOpéra de Paris
_vDrama
650 0 _aPhantom of the Opera (Fictitious character)
_vDrama
650 0 _aSopranos (Singers)
_vDrama
650 0 _aMusical films
655 0 _aFeature films
655 0 _aMusical films
655 0 _aVideo recordings for the hearing impaired
655 7 _aMusical
_vFeature.
_2migfg
655 7 _aRomance
_vFeature.
_2migfg
700 1 _aSchumacher, Joel,
_d1939-
700 1 _aButler, Gerard,
_d1969-
700 1 _aRossum, Emmy,
_d1986-
700 1 _aWilson, Patrick,
_d1973-
700 1 _aRichardson, Miranda
700 1 _aDriver, Minnie
700 1 _aMathieson, John,
_d1961-
700 1 _aLloyd Webber, Andrew,
_d1948-
700 1 _aLeroux, Gaston,
_d1868-1927.
_tFantôme de l'Opéra
710 2 _aWarner Bros. Pictures (1969- )
710 2 _aOdyssey Entertainment (Firm)
710 2 _aReally Useful Films
710 2 _aScion Films
001 data
999 _c455
_d455